Entry Personal Name
Number of records used in: 1
001 - CONTROL NUMBER
003 - CONTROL NUMBER IDENTIFIER
005 - DATE AND TIME OF LATEST TRANSACTION
- control field:
20161215122454.0
008 - FIXED-LENGTH DATA ELEMENTS
- fixed length control field:
161215|| aca||aabn | a|a d
040 ## - CATALOGING SOURCE
- Original cataloging agency:
OSt
- Transcribing agency:
OSt
100 ## - HEADING--PERSONAL NAME
- Personal name:
Deo,Narsingh
670 ## - SOURCE DATA FOUND
- Source citation:
Work cat.: (OSt): Deo,Narsingh, System Simulation With Digital Computer, 2013